Statistiche per Province della Lombardia per Densità di popolazione

Clicka qui per fare il quiz!

Statistiche generali

  • Questo quiz è stato fatto 16 volte
  • Il punteggio medio è 10 su 12

Statistiche sulle risposte

Densità (popolazione per km²)Provincia o Città metropolitana% Corretto
2 071Città metropolitana di Milano
100%
468Provincia di Como
92%
419Provincia di Lecco
92%
2 156Provincia di Monza e Brianza
92%
743Provincia di Varese
92%
405Provincia di Bergamo
85%
265Provincia di Brescia
85%
203Provincia di Cremona
85%
294Provincia di Lodi
85%
176Provincia di Mantova
85%
184Provincia di Pavia
77%
57Provincia di Sondrio
77%

Distribuzione punteggi

Percentile per numero di risposta

Percentuale di utenti per punteggio

I tuoi punteggi nel tempo

Non hai fatto questo quiz